Statistics for Kingdom Hearts 2 Worlds

Click here to take the quiz!

General Stats

  • This quiz has been taken 589 times
  • The average score is 11 of 14

Answer Stats

HintAnswer% Correct
Radiant Garden
89%
Twilight Town
89%
Halloween Town
85%
Atlantica
83%
Agrabah
81%
Pride Lands
80%
Land of Dragons
78%
The World That Never Was
78%
Beast's Castle
75%
Port Royal
73%
Disney Castle
70%
Olympus Coliseum
69%
Space Paranoids
62%
Timeless River
48%

Score Distribution

Percentile by Number Answered

Percent of People with Each Score

Your Score History

You have not taken this quiz